English prepositions 2 - Statistiques

Statistiques générales
  • Ce quiz a été pris 29 fois
  • Le résultat moyen est 13 sur 30
Statistiques - réponses
Hint Réponse % Correct
Inspired By
86%
Specialized In
82%
Shocked By
78%
Sure Of
75%
Based On
73%
Interested In
69%
Excited About / by
67%
Impressed By
64%
Annoyed By / with
60%
Aware Of
60%
Proud Of
58%
Worried About
57%
Suitable For
57%
Amazed By
56%
Anxious About
50%
Sorry About
50%
Astonished At / by
50%
Surprised At / by
50%
Eligible For
50%
Ready For
50%
Involved In
50%
Capable Of
50%
Incapable Of
50%
Certain Of
50%
Frightened Of
50%
Famous For
44%
Disappointed With
44%
Tired Of
43%
Appropriate For
42%
Sick Of
40%
Pleased With
40%
Full Of
38%
Satisfied With
38%
Confused About
33%
Dependent On
33%
Insistent On
30%
Enthusiastic About
29%
Happy About
29%
Concerned About / by / for
29%
Conscious Of
29%
Meet With
27%
Disappointed In
22%
Optimistic About
20%
Responsible For
20%
Short Of
20%
Useless At
17%
Bored With
17%
Pessimistic About
14%
Typical Of
11%
Terrible At
10%
Knowledgeable About
8%
Awful At
0%
Aucun quiz correspondant
Distribution des résultats
% des personnes avec chaque résultat
Percentile par nombre de réponses
Votre historique - résultats
Vous n’avez pas pris ce quiz